[Event "Konjic op 12th"]
[Site "Konjic"]
[Date "2023.03.04"]
[Round "6"]
[White "Sinanaj, Enio"]
[Black "Mrkovic, Nikola"]
[Result "0-1"]
[WhiteElo "1718"]
[BlackElo "1779"]
[PlyCount "66"]
[EventDate "2023.03.01"]
[EventType "swiss"]
[EventRounds "7"]
[EventCountry "BIH"]
[SourceTitle "CBM 213 Extra"]
[Source "ChessBase"]
[SourceDate "2023.05.31"]
[SourceVersion "1"]
[SourceVersionDate "2023.05.31"]
[SourceQuality "1"]

1. e4 e5 2. Nf3 Nc6 3. d4 exd4 4. Nxd4 Bc5 5. Be3 Qf6 6. c3 Nge7 7. Bc4 Ne5 8. Be2 d5 9. f4 N5c6 10. e5 Qh4+ 11. g3 Qh3 12. Bf1 Qg4 13. Qxg4 Bxg4 14. Nd2 Nxd4 15. cxd4 Bb6 16. Kf2 0-0 17. Bd3 Bf5 18. Bxf5 Nxf5 19. Nf3 f6 20. Rac1 c6 21. g4 Nxe3 22. Kxe3 Rae8 23. Rhf1 g5 24. f5 fxe5 25. Nxg5 exd4+ 26. Kd3 Re3+ 27. Kd2 Ba5+ 28. Kd1 d3 29. b4 Bxb4 30. Rb1 c5 31. a3 Ba5 32. Rxb7 Rfe8 33. Ne6 d2 0-1